[Event "Cheliabinsk Lozovatsky Memorial-B"]
[Site "Cheliabinsk"]
[Date "2023.02.03"]
[Round "8"]
[White "Benderac, Ana"]
[Black "Kaldarova, Ayaulym"]
[Result "0-1"]
[WhiteElo "2141"]
[BlackElo "1822"]
[PlyCount "88"]
[EventDate "2023.01.27"]
[EventType "swiss"]
[EventRounds "10"]
[EventCountry "RUS"]
[SourceTitle "CBM 212 Extra"]
[Source "ChessBase"]
[SourceDate "2023.03.31"]
[SourceVersion "1"]
[SourceVersionDate "2023.03.31"]
[SourceQuality "1"]

1. Nf3 d6 2. b3 e5 3. d4 e4 4. Nfd2 d5 5. c4 c6 6. e3 f5 7. f4 Nf6 8. Be2 Be7 9. Ba3 0-0 10. Bxe7 Qxe7 11. 0-0 Be6 12. c5 Ng4 13. Bxg4 fxg4 14. g3 Nd7 15. Nc3 h5 16. Rf2 Rf6 17. b4 h4 18. Nf1 Raf8 19. a4 g5 20. Raa2 Qg7 21. Qe1 b6 22. fxg5 Rf3 23. gxh4 a5 24. Rxf3 gxf3 25. Nd1 axb4 26. cxb6 c5 27. a5 cxd4 28. b7 b3 29. Rb2 Nc5 30. a6 dxe3 31. Nfxe3 d4 32. Qg3 Nxa6 33. Qd6 dxe3 34. Qxe6+ Kh8 35. Nxe3 Qxb2 36. Qh6+ Kg8 37. Qb6 Kh8 38. Qh6+ Kg8 39. Qe6+ Kg7 40. Qe7+ Rf7 41. Nf5+ Kg6 42. Qe6+ Rf6 43. h5+ Kxg5 44. h4+ Kf4 0-1

[Event "Cheliabinsk Panchenko Memorial op-B"]
[Site "Cheliabinsk"]
[Date "2022.09.14"]
[Round "3"]
[White "Svergina, Sofya"]
[Black "Benderac, Ana"]
[Result "1-0"]
[WhiteElo "1853"]
[BlackElo "2173"]
[PlyCount "117"]
[EventDate "2022.09.12"]
[EventType "swiss"]
[EventRounds "10"]
[EventCountry "RUS"]
[SourceTitle "CBM 210 Extra"]
[Source "ChessBase"]
[SourceDate "2022.11.30"]
[SourceVersion "1"]
[SourceVersionDate "2022.11.30"]
[SourceQuality "1"]

1. e4 d6 2. d4 c6 3. Nc3 Nf6 4. Nf3 Bg4 5. Be2 d5 6. e5 Ne4 7. 0-0 Nxc3 8. bxc3 e6 9. Ng5 Bxe2 10. Qxe2 h6 11. Qh5 g6 12. Qh3 Qd7 13. Nf3 Be7 14. a4 c5 15. Ba3 Nc6 16. dxc5 Na5 17. Nd4 Nc4 18. c6 bxc6 19. Bxe7 Kxe7 20. Rfe1 c5 21. Nb3 Rac8 22. Qf3 Kf8 23. Qf6 Rg8 24. Reb1 Qe7 25. a5 Qxf6 26. exf6 Nd6 27. a6 Ke8 28. Ra5 Ne4 29. Nc1 Kd7 30. Rb7+ Rc7 31. Nd3 Kd6 32. Rab5 Rgc8 33. f4 Nxc3 34. Ra5 Ne2+ 35. Kf2 Nd4 36. c3 Nc6 37. Rxc5 g5 38. g3 gxf4 39. gxf4 Rxb7 40. axb7 Rb8 41. Rb5 Nd8 42. Ne5 Kc7 43. Kg3 Rxb7 44. Rc5+ Kb8 45. Kh4 a6 46. Kh5 Rc7 47. Kxh6 Rxc5 48. Nd7+ Kc7 49. Nxc5 a5 50. Kg7 Kd6 51. Nd3 a4 52. h4 a3 53. Nc1 e5 54. fxe5+ Kxe5 55. h5 Kf5 56. h6 Ne6+ 57. Kxf7 Ng5+ 58. Kg7 Ne6+ 59. Kg8 1-0

[Event "Cheliabinsk Lozovatsky Memorial-A"]
[Site "Cheliabinsk"]
[Date "2022.01.27"]
[Round "6"]
[White "Benderac, Ana"]
[Black "Radzhabov, Rodion"]
[Result "0-1"]
[WhiteElo "2180"]
[BlackElo "2361"]
[PlyCount "40"]
[EventDate "2022.01.22"]
[EventType "swiss"]
[EventRounds "10"]
[EventCountry "RUS"]
[SourceTitle "CBM 206 Extra"]
[Source "ChessBase"]
[SourceDate "2022.03.31"]
[SourceVersion "1"]
[SourceVersionDate "2022.03.31"]
[SourceQuality "1"]

1. Nf3 Nf6 2. c4 e6 3. g3 b6 4. Bg2 Bb7 5. 0-0 c5 6. Nc3 Be7 7. d4 cxd4 8. Qxd4 d6 9. b3 a6 10. Ba3 0-0 11. Rfd1 Ne8 12. Ne4 Nc6 13. Qd2 Qc7 14. Nxd6 Rd8 15. c5 bxc5 16. Nxe8 Rfxe8 17. Qf4 Rxd1+ 18. Rxd1 Qa5 19. Rd7 Bc8 20. Rc7 e5 0-1

[Event "Cheliabinsk Lozovatsky Memorial-A"]
[Site "Cheliabinsk"]
[Date "2022.01.26"]
[Round "5"]
[White "Obgolts, Erik"]
[Black "Benderac, Ana"]
[Result "1-0"]
[WhiteElo "2430"]
[BlackElo "2180"]
[PlyCount "65"]
[EventDate "2022.01.22"]
[EventType "swiss"]
[EventRounds "10"]
[EventCountry "RUS"]
[SourceTitle "CBM 206 Extra"]
[Source "ChessBase"]
[SourceDate "2022.03.31"]
[SourceVersion "1"]
[SourceVersionDate "2022.03.31"]
[SourceQuality "1"]

1. d4 Nf6 2. Nf3 g6 3. g3 Bg7 4. Bg2 0-0 5. 0-0 c5 6. c4 cxd4 7. Nxd4 Nc6 8. Nc3 Qb6 9. Nc2 d6 10. b3 Be6 11. Nd5 Bxd5 12. cxd5 Ne5 13. Be3 Qa6 14. Qd2 Rfc8 15. a4 Rc7 16. Na3 Rac8 17. Nb5 Rc2 18. Rac1 Rxc1 19. Rxc1 Rxc1+ 20. Qxc1 b6 21. Bd4 Qb7 22. f4 Ned7 23. Qc6 Qb8 24. b4 a5 25. bxa5 bxa5 26. Bf3 Qd8 27. Kg2 h5 28. e4 Ng4 29. Bg1 Nb8 30. Qb7 Nd7 31. Na7 Qb8 32. Qxb8+ Nxb8 33. Nc6 1-0

[Event "Cheliabinsk Lozovatsky Memorial-A"]
[Site "Cheliabinsk"]
[Date "2022.01.24"]
[Round "3"]
[White "Khruschiov, Alexey"]
[Black "Benderac, Ana"]
[Result "0-1"]
[WhiteElo "2385"]
[BlackElo "2180"]
[PlyCount "92"]
[EventDate "2022.01.22"]
[EventType "swiss"]
[EventRounds "10"]
[EventCountry "RUS"]
[SourceTitle "CBM 206 Extra"]
[Source "ChessBase"]
[SourceDate "2022.03.31"]
[SourceVersion "1"]
[SourceVersionDate "2022.03.31"]
[SourceQuality "1"]

1. e4 g6 2. d4 Bg7 3. Nc3 d5 4. Nxd5 c6 5. Ne3 Qxd4 6. Qxd4 Bxd4 7. c3 Bg7 8. Ne2 Nd7 9. Nd4 Nc5 10. f3 Nf6 11. Nc4 Ne6 12. Be3 c5 13. Nc2 Nd7 14. Bf2 Ne5 15. N4e3 Nf4 16. 0-0-0 Be6 17. g3 Nh3 18. Bxh3 Bxh3 19. Nd5 Rc8 20. Ne1 b6 21. Kc2 Bd7 22. h3 e6 23. Nf4 Bc6 24. Nfd3 Nxd3 25. Nxd3 c4 26. Nf4 Ba4+ 27. Kc1 Bxd1 28. Rxd1 Rd8 29. Re1 Ke7 30. Kc2 Bh6 31. e5 Bxf4 32. gxf4 Rd3 33. Re4 Rc8 34. Be3 b5 35. b3 cxb3+ 36. Kxd3 bxa2 37. Bc5+ Rxc5 38. Re1 Rc4 39. Ra1 Ra4 40. Kc2 Kd7 41. Kb3 Kc6 42. c4 Rxc4 43. Rxa2 Rxf4 44. Rxa7 Rxf3+ 45. Kb4 Rf4+ 46. Kc3 Kd5 0-1

[Event "Cheliabinsk Lozovatsky Memorial-A"]
[Site "Cheliabinsk"]
[Date "2022.01.23"]
[Round "2"]
[White "Benderac, Ana"]
[Black "Schekachikhin, Maksim"]
[Result "0-1"]
[WhiteElo "2180"]
[BlackElo "2430"]
[PlyCount "44"]
[EventDate "2022.01.22"]
[EventType "swiss"]
[EventRounds "10"]
[EventCountry "RUS"]
[SourceTitle "CBM 206 Extra"]
[Source "ChessBase"]
[SourceDate "2022.03.31"]
[SourceVersion "1"]
[SourceVersionDate "2022.03.31"]
[SourceQuality "1"]

1. d4 Nf6 2. Nf3 b6 3. Bf4 Bb7 4. e3 g6 5. Nbd2 Bg7 6. Bd3 d6 7. Qe2 Nh5 8. Bg5 h6 9. Bh4 g5 10. Bg3 e6 11. 0-0-0 a6 12. e4 Nd7 13. Nc4 Qe7 14. Ne3 b5 15. c3 Nf4 16. Bxf4 gxf4 17. Nc2 c5 18. dxc5 Nxc5 19. e5 0-0-0 20. Ncd4 dxe5 21. Nxe5 Qc7 22. Rhe1 Rxd4 0-1

[Event "FRM-chT (Women)"]
[Site "Ohrid"]
[Date "2021.08.28"]
[Round "4.2"]
[White "Bulmaga, Irina"]
[Black "Benderac, Ana"]
[Result "1/2-1/2"]
[WhiteElo "2413"]
[BlackElo "2156"]
[PlyCount "101"]
[EventDate "2021.08.25"]
[EventType "team-tourn"]
[EventRounds "7"]
[EventCountry "MKD"]
[SourceTitle "CBM 204 Extra"]
[Source "ChessBase"]
[SourceDate "2021.11.30"]
[SourceVersion "1"]
[SourceVersionDate "2021.11.30"]
[SourceQuality "1"]
[WhiteTeam "Alkaloid (W)"]
[BlackTeam "Prilep (W)"]
[WhiteTeamCountry "MKD"]
[BlackTeamCountry "MKD"]

1. e4 c6 2. d4 d5 3. e5 Bf5 4. Nf3 e6 5. Be2 Ne7 6. 0-0 c5 7. c4 dxc4 8. Bxc4 Nbc6 9. Nc3 Nxd4 10. Bg5 a6 11. Nxd4 Qxd4 12. Qa4+ Nc6 13. Rfe1 Bc2 14. Qxc2 Qxc4 15. Re4 Nd4 16. Qd2 h6 17. Be3 Rd8 18. Rd1 b5 19. Bxd4 cxd4 20. Rxd4 Rxd4 21. Qxd4 Qxd4 22. Rxd4 Bc5 23. Rd3 0-0 24. Kf1 Rc8 25. Ke2 Bb4 26. a3 Bf8 27. Ne4 Rc2+ 28. Rd2 Rc4 29. Kd3 Bc5 30. Nxc5 Rxc5 31. f4 g5 32. g3 Kg7 33. Ke3 Kg6 34. h3 gxf4+ 35. gxf4 Rc4 36. Rd6 Rc2 37. Rxa6 Rxb2 38. Ke4 Re2+ 39. Kf3 Re1 40. Rb6 Ra1 41. Ke4 Re1+ 42. Kf3 Rc1 43. Rxb5 Rc3+ 44. Kg2 Rxa3 45. Rb7 h5 46. h4 Ra8 47. Kf3 Ra1 48. Kg2 Ra2+ 49. Kg3 Ra3+ 50. Kg2 Ra2+ 51. Kg3 1/2-1/2

[Event "FRM-chT (Women)"]
[Site "Ohrid"]
[Date "2021.08.26"]
[Round "2.2"]
[White "Benderac, Ana"]
[Black "Tomin, Ksenija"]
[Result "1-0"]
[WhiteElo "2156"]
[BlackElo "2035"]
[PlyCount "83"]
[EventDate "2021.08.25"]
[EventType "team-tourn"]
[EventRounds "7"]
[EventCountry "MKD"]
[SourceTitle "CBM 204 Extra"]
[Source "ChessBase"]
[SourceDate "2021.11.30"]
[SourceVersion "1"]
[SourceVersionDate "2021.11.30"]
[SourceQuality "1"]
[WhiteTeam "Prilep (W)"]
[BlackTeam "Gostivar (W)"]
[WhiteTeamCountry "MKD"]
[BlackTeamCountry "MKD"]

1. d4 Nf6 2. Nf3 g6 3. b3 Bg7 4. Bb2 d5 5. e3 0-0 6. Nbd2 Nbd7 7. c4 e6 8. Be2 Ne4 9. Nxe4 dxe4 10. Nd2 f5 11. f4 exf3 12. Nxf3 Nf6 13. 0-0 b6 14. Ne5 Bb7 15. Bf3 Be4 16. Nd3 Qe7 17. Nf2 Bxf3 18. Qxf3 c5 19. Rad1 Rad8 20. Ba3 Qc7 21. Qf4 Qc8 22. dxc5 bxc5 23. g4 Qc6 24. h3 e5 25. Qg3 f4 26. exf4 exf4 27. Qxf4 Nh5 28. Qe4 Qc7 29. gxh5 Bd4 30. Rd3 Rf4 31. Qe6+ Kh8 32. Rxd4 Rfxd4 33. Ne4 gxh5 34. Bb2 Qg7+ 35. Kh1 Rf8 36. Rxf8+ Qxf8 37. Bxd4+ cxd4 38. Qe5+ Kg8 39. Nf6+ Kf7 40. Qxd4 Qe7 41. Ne4 Qh4 42. Nd6+ 1-0